00680nam a2200193Ia 4500003000900000008004100009020001800050040001600068080001600084245016500100260004800265300001600313650004100329650001800370650001300388700002900401700002900430700002700459IN-BaIIA211028s9999 xx 000 0 eng d a0-521-40184-4 cIIA Library a524.74bWAR 0aWarped disks and inclined rings around galaxiescedited by Stefano Casertano, Penny D. Sackett and Franklin H. Briggs  aCambridgebCambridge University Pressc1991 axvii, 291p. aAstronomy and astrophysics thesaurus aDisk galaxies aGalaxies aBriggs, Franklin H., ed. aCasertano, Stefano., ed. aSackett, Penny D., ed.